Belice, ¿una sociedad pluricultural sin políticas multiculturales? /
Kaydedildi:
| Yazar: | |
|---|---|
| Diğer Yazarlar: | |
| Materyal Türü: | Kitap |
| Dil: | Spanish |
| Etiketler: |
Etiketle
Etiket eklenmemiş, İlk siz ekleyin!
|
MARC
| LEADER | 00000nam a22000007a 4500 | ||
|---|---|---|---|
| 003 | cru IIS | ||
| 005 | 20220818101046.0 | ||
| 007 | ta | ||
| 008 | 220818t2019 cr |||p|r|||| 00| 0 spa d | ||
| 040 | |c cru IIS | ||
| 100 | 1 | |9 10693 |a Cunin, Elisabeth |e Autora | |
| 245 | 1 | |a Belice, ¿una sociedad pluricultural sin políticas multiculturales? / |c Elisabeth Cunin, Odile Hoffmann | |
| 300 | |a páginas 185-209 | ||
| 700 | 1 | |9 10694 |a Hoffmann, Odile |e Autor | |
| 773 | 0 | |0 18765 |9 7630 |a Universidad de Costa Rica. |d San José, Costa Rica: Editorial Universidad de Costa Rica, 1974- |o 23639 |t Anuario de Estudios Centroamericanos / |x 03777316 | |
| 942 | |2 ddc |c PP | ||
| 999 | |c 44506 |d 44506 | ||
